1128 1664 1324 1594 1607 1159 1890 1231 1221 1593 1929 1178 1101 1148 1263 1911 1950 1427 1738 1303 1595 1832 1289 1451 1241 1046 1695 1111 1586 1954 1195 1240 1438 1419 1688 1520 1185 1768 1416 1985 1263 1827 1255 1754 1199 1690 1571 1540 1597 1185 1681 1568 1058 1340 1555 1130 1356 1776 1896 1453 1236 1489 1072 1817 1988 1955 1709 1535 1858 1241 1200 1231 1329 1168 1536 1319 1765 1581 1838 1507 1400 1494 1985 1876 1904 1255 1489 1661 1493 1042 1451 1803 1171 1053 1780 1834 1022 1289 1356 BCNSPRNW ULIB Ver.6.0+V

เปลี่ยนเป็นภาษาไทย

Change to English
 แสดงรายละเอียดบรรณานุกรม
  กลับหน้าหลัก

Brief Record : Get Marc (ISO 2709) : E-mail record : QR code < ปิดหน้าต่าง
LEADER : 00000nam 2200000uu 4500
001    13399114517
003     ULIB
008    120411s2552||||th 000 0 tha d
020    ^a9786167190105
090    ^aนว.^bป475ท
100 0  ^aปรุฬห์
245 00 ^aทัณฑ์ซาตาน /^cปรุฬห์
250    ^aพิมพ์ครั้งที่ 1
260    ^aกรุงเทพฯ :^bอินเลิฟ,^c2552
300    ^a280 หน้า
710 1  ^aอินเลิฟ
945    ^p189^l0^i16425
995    ^aกัณชพร
999 ^a ใช้งานได้ทุกระบบ
รายการนี้ยังไม่มีแท็ก
คุณยังไม่ได้ล็อกอิน คุณสามารถมีกิจกรรมร่วมกับเว็บไซต์ได้ แต่ต้องล็อกอินก่อน ::
  ล็อกอิน

รายการสื่อสารสนเทศ

ลำดับที่ ประเภท เลขเรียก/บาร์โค้ด สถานที่ สถานะ
1. นวนิยาย
นวนิยาย
นว. ป475ท  
  Barcode: 16425
ห้องสมุดวิทยาเขตสวรรค์ประชารักษ์
►นวนิยาย
ถูกยืม กำหนดส่งวันที่ 16 ธันวาคม 2559
  จอง

BibComment


ยังไม่เคยถูกคอมเมนท์

คอมเมนท์ทรัพยากรรายการนี้
  คอมเมนท์: ทัณฑ์ซาตาน ปรุฬห์


 Copyright 2026. Bcnsprnw @Library